|
|
|
|
| LEADER |
00000cam a2200000 a 4500 |
| 003 |
Ucuenca |
| 005 |
20240325110639.0 |
| 008 |
005071|1994 sp |||||r|||||||||||spa|| |
| 020 |
|
|
|a 8470033395
|
| 040 |
|
|
|b spa
|
| 041 |
0 |
|
|a spa
|
| 082 |
0 |
|
|a 636.082 4
|
| 100 |
1 |
|
|a Illera Martín, Mariano.
|9 205989
|
| 245 |
|
|
|a Reproducción de los animales domésticos
|c Mariano Illera Martín
|h imp
|
| 264 |
|
|
|a Barcelona
|b Aedos
|c 1994
|
| 300 |
|
|
|a 390 páginas:
|b ilu
|c 24 cm
|
| 505 |
0 |
|
|a Bases neuroendocrinas de la reproducción.-- Bioquímica y fisiología de las hormonas gonadales.-- Ciclo reproductor de la hembra: foliculogénesis.-- Sistema reproductor del macho y su control endocrino.-- Inseminación.-- Fecundación y desarrollo embrionario temprano.-- Gestación. Transferencia de embriones.-- El parto.-- Biología de la lactación.-- Selección de animales reproductores
|
| 650 |
|
0 |
|a Reproducción animal
|9 4649
|
| 650 |
|
7 |
|a Inseminación artificial
|9 70927
|
| 650 |
|
|
|a Embriones transferencia
|9 112803
|
| 852 |
|
|
|a UC-YANUNCAY
|f Compra
|l 1
|m General
|p 20050712
|q 18.00
|r 2
|t 3292
|v agro
|w Medicina Veterinaria y Zootecnia
|y 130006252
|b 0
|d CDRY
|e CDRY
|g 636.082 4 ESTANTERIA ABIERTA
|z 2005-50-71
|
| 856 |
|
|
|a http://sibuc.ucuenca.edu.ec/portada/3292-yan.jpg
|
| 942 |
|
|
|c BK
|z diana.leon@ucuenca.edu.ec
|0 1
|
| 999 |
|
|
|c 66691
|d 66691
|